Music Quiz

Random Music Quiz

Christina Aguilera tour setlists Quiz Stats

 Plays Quiz not verified by Sporcle

Challenge
Share
Tweet
Embed
Score 0/65 Timer 10:00
0 Plays Today
Hint Answer % Correct
Christina Aguilera in ConcertGenie in a Bottle
100%
The Stripped TourGenie in a Bottle
100%
The Liberation TourGenie in a Bottle
100%
The Liberation TourDirrty
100%
The Liberation TourFighter
100%
The Liberation TourBeautiful
100%
The Stripped TourDirrty
95.9%
The Stripped TourBeautiful
95.9%
Back to Basics TourDirrty
95.9%
Back to Basics TourBeautiful
95.9%
Christina Aguilera in ConcertWhat a Girl Wants
94.5%
The Stripped TourFighter
94.5%
The Stripped TourWhat A Girl Wants
94.5%
Back to Basics TourWhat a Girl Wants
94.5%
Back to Basics TourFighter
94.5%
Back to Basics TourAin't No Other Man
93.2%
Christina Aguilera in ConcertI Turn to You
91.8%
The Liberation TourAin't No Other Man
91.7%
Back to Basics TourCandyman
90.4%
Back to Basics TourHurt
90.4%
The Stripped TourCan't Hold Us Down
87.7%
Christina Aguilera in ConcertCome On Over Baby (All I Want Is You)
83.6%
The Stripped TourCome On Over Baby (All I Want Is You)
83.6%
Back to Basics TourCome On Over Baby (All I Want Is You)
83.6%
The Liberation TourSearching for Maria + Maria
83.3%
The Liberation TourWhat a Girl Wants + Come On Over Baby (All I Want Is You)
83.3%
The Liberation TourCan't Hold Us Down
83.3%
The Liberation TourElastic Love + Woohoo + Bionic
83.3%
The Liberation TourLady Marmalade
83.3%
The Liberation TourFall In Line
83.3%
The Liberation TourLet There Be Love
83.3%
The Stripped TourThe Voice Within
80.8%
The Liberation TourDeserve
75%
Hint Answer % Correct
The Liberation TourTwice
75%
The Stripped TourLady Marmalade
72.6%
Back to Basics TourLady Marmalade
72.6%
Back to Basics TourOh Mother
69.9%
Christina Aguilera in ConcertSo Emotional
68.5%
The Stripped TourWalk Away
68.5%
The Stripped TourImpossible
67.1%
The Liberation TourSick of Sittin'
66.7%
The Liberation TourKeep On Singin' My Song
66.7%
The Liberation TourUnless It's With You
66.7%
Christina Aguilera in ConcertAt Last (Etta James cover)
65.8%
The Stripped TourAt Last (Etta James cover) + I Prefer You (Etta James cover)
65.8%
Back to Basics TourBack in the Day
65.8%
Back to Basics TourStill Dirrty
65.3%
Back to Basics TourSlow Down Baby
64.4%
Christina Aguilera in ConcertWhen You Put Your Hands on Me
61.6%
The Stripped TourInfatuation
61.6%
Back to Basics TourUnderstand
61.6%
Christina Aguilera in ConcertLove for All Seasons
60.3%
The Stripped TourCruz
60.3%
The Liberation TourAccelerate
58.3%
The Liberation TourIt's a Man's Man's Man's World (James Brown cover)
58.3%
The Stripped TourGet Mine, Get Yours
57.5%
Back to Basics TourMakes Me Wanna Pray
57.5%
Back to Basics TourWelcome
57.5%
Christina Aguilera in ConcertSomebody's Somebody
54.8%
The Stripped TourMake Over
53.4%
Back to Basics TourNasty Naughty Boy
53.4%
The Liberation TourSay Something
50%
The Stripped TourContigo en la Distancia + Falsas Esperanzas
41.1%
Christina Aguilera in ConcertAll Right Now (Free cover)
35.6%
Christina Aguilera in ConcertDon't Make Me Love You (Til I'm Ready)
32.9%

You're not logged in!

Compare scores with friends on all Sporcle quizzes.
OR
Log In

You Might Also Like...

Show Comments

Extras

Top Quizzes Today


Score Distribution

Your Account Isn't Verified!

In order to create a playlist on Sporcle, you need to verify the email address you used during registration. Go to your Sporcle Settings to finish the process.

Report this User

Report this user for behavior that violates our Community Guidelines.

Details: